| 000 | 01307nam2a2200265 4500 | ||
|---|---|---|---|
| 001 | RU\NLR\BIBL_A\012337497 | ||
| 005 | 20200922113058.0 | ||
| 021 |
_aRU _bКН-П-20-028297 _9КН-П-20-2185 |
||
| 035 | _a(NLR Aleph) 012337497 | ||
| 035 | _a(RuMoRGB)010338782 | ||
| 090 |
_a11502871 _c11502871 |
||
| 100 | _a20200915d2020 k y0rusy50 ca | ||
| 101 | 0 |
_arus _deng |
|
| 102 | _aRU | ||
| 105 | _aa|||z|||000zy | ||
| 200 | 1 | _aСгустки явки и результатов | |
| 210 | _d2020 | ||
| 215 |
_a24 с. _cил., цв. ил. |
||
| 225 | 1 |
_a... _v№ 20 за 2020 г. |
|
| 461 | 0 |
_1001RU\NLR\BIBL_A\012308031 _12001#$aИсследование статистических методов выявления выдуманных результатов выборов$fА.В. Подлазов$vЧ. 2 _1700#1$aПодлазов$bА.В.$f1973-$gАндрей Викторович$3RU\NLR\AUTH\7724037 _911356111 _aПодлазов, А.В. (1973-) _cМосква _d2019 _fА.В. Подлазов _nИПМ им. М.В. Келдыша РАН _tИсследование статистических методов выявления выдуманных результатов выборов _vЧ. 2 |
|
| 942 | _cBOOK | ||
| 980 | _aNBR | ||
| 980 | _aNB | ||